000 00471nam a22001817a 4500
005 20241128013754.0
008 241128b |||||||| |||| 00| 0 eng d
082 _222
_a894
_bSIM
100 _aChitty, Casie Simon
245 _aThe Tamil Plutarch
250 _aSecond Revised Edition
260 _aNew Delhi
_bAsian Educational Services
_c1982
300 _a135 p .,
650 _aTamil Poems
650 _aEnglish Language
650 _aTamil literature
942 _cL
999 _c5934
_d5934